| 000 | 00951nam a22003257a 4500 | ||
|---|---|---|---|
| 003 | DO-SdBPM | ||
| 005 | 20250808095156.0 | ||
| 007 | ta | ||
| 008 | 151111b 2001 sp |||| 00| 0 spa d | ||
| 020 | _a8483101521 | ||
| 040 |
_aDO-SdBPM _bspa _cBPMSU _erda |
||
| 041 | 1 | 7 |
_aspa _heng |
| 082 | 4 |
_a895.13 _bH111e 2001 _222 |
|
| 100 | 1 |
_aHa, Jin, _c1956- |
|
| 245 | 1 | 0 |
_aLa espera / _cHa Jin ; traducción de Jordi Fibla. |
| 250 | _a2a ed. | ||
| 264 |
_aBarcelona : _bTusquet Editores, _c2001. |
||
| 300 |
_a338 páginas ; _c21 cm. |
||
| 336 |
_atexto _btxt _2rdacontent |
||
| 337 |
_asin mediación _bn _2rdamedia |
||
| 338 |
_avolumen _bnc _2rdacarrier |
||
| 490 | 0 |
_aAndanzas, _v424 |
|
| 534 |
_pTítulo original : _tWaiting. _a |
||
| 590 | _aInventariado, 2025/VM | ||
| 650 | 7 | _aNovela china. | |
| 650 | 7 | _aNovela amorosa | |
| 700 | 1 |
_aFibla, Jordi, _ctraductor |
|
| 910 | _aVMateo V. Control de calidad. BPMSU | ||
| 942 |
_2ddc _cBK |
||
| 999 |
_c8650 _d8650 |
||